[Event "RSA-ch U08"]
[Site "Waterkloof"]
[Date "2015.04.04"]
[Round "1"]
[White "Neves, Tremayne"]
[Black "Van der Westhuizen, Frederik"]
[Result "0-1"]
[WhiteElo "785"]
[BlackElo "1040"]
[PlyCount "40"]
[EventDate "2015.04.04"]
[EventType "swiss"]
[EventRounds "9"]
[EventCountry "RSA"]
[SourceTitle "CBM 166 Extra"]
[Source "ChessBase"]
[SourceDate "2015.06.18"]
[SourceVersion "1"]
[SourceVersionDate "2015.06.18"]
[SourceQuality "1"]

1. d4 Nf6 2. Nf3 Nc6 3. Nc3 g6 4. h4 Bg7 5. a4 0-0 6. a5 d6 7. h5 gxh5 8. Qd3 Bg4 9. Ng5 Nb4 10. Qg3 Nxc2+ 11. Kd1 Nxa1 12. Nce4 Nxe4 13. Nxe4 f5 14. Ng5 Bxd4 15. Qd3 Bxf2 16. Qc4+ d5 17. Qf4 Qd7 18. Rxh5 Bxh5 19. Qh2 Qa4+ 20. Kd2 Qc2# 0-1